| 000 | 01202nam a2200253Ia 4500 | ||
|---|---|---|---|
| 003 | OSt | ||
| 005 | 20200811171229.0 | ||
| 008 | 191128t2017 c fr 000 0 s d | ||
| 020 | _a9789587676372 | ||
| 040 |
_aCO-JMCR _cCO-JMCR |
||
| 041 | 0 | _aspa | |
| 082 | 0 | 4 |
_a343.86105245 / _bP654p _223 |
| 100 | 1 |
_aPinilla Acevedo, Carlos Felipe, _eautor _98617 |
|
| 245 | 1 | 0 |
_aParticipación en la plusvalía : _binstrumento de financiación del desarrollo urbano / _cCarlos Felipe Pinilla Acevedo, Juan Manuel González Garavito, Camilo Francisco Caycedo Tribín [y otros 2] |
| 250 | _aPrimera edición | ||
| 260 |
_a[Bogotá] : _bLegis, _c©2017 |
||
| 300 |
_a191 páginas ; _c24 cm. |
||
| 505 | 0 | _aLa participación en la plusvalía como parte esencial de la función social de la propiedad y la aplicación de la función pública del urbanismo -- Nociones fundamentales de la participación en la plusvalía. | |
| 650 | 1 | 4 |
_aImpuestos de plusvalía _xaspectos jurídicos _zColombia _98618 |
| 650 | 1 | 4 |
_aDesarrollo urbano _xaspectos jurídicos _zColombia _98619 |
| 700 | 1 |
_aGonzález Garavito, Juan Manuel, _eautor _98620 |
|
| 700 | 1 |
_aCaycedo Tribín, Camilo Francisco, _eautor _98621 |
|
| 942 |
_2ddc _cBK |
||
| 999 |
_c3908 _d3908 |
||